000 00783nam a22002417a 4500
999 _c3195
_d3195
001 3195
003 BD-JhCC
005 20171112101409.0
008 171111s1985 bg |||| ||a| 000 0 ben d
035 _a(BD-JhCC)3195
040 _aBD-JhCC
_dBD-JhCC
041 _aben
082 _a901.9
_bHAL 1985
100 _aহালিম, আবদুল
245 _aমায়া, আজটেক ও ইনকা সভ্যতা /
_cআবদুল হালিম,
260 _aঢাকা :
_bবাংলা একাডেমী,
_c1985
300 _a89 p. :
_c18 cm.
490 _aSeries in honour of the Martyrs of the Language Movement of February 1952.
650 _aMaya Ajtek
_xCivilization
650 _aInka
_xCivilization
942 _2ddc
_cBK